000
00342 a2200157 4500
001
164605
020
_a
040
_c
Magnum
100
_a
Murgel Branco, Samuel
240
1
0
_a
Agua: origem, uso e preservacao
_l
por
245
1
0
_a
Agua: origem, uso e preservacao
362
0
_a
1899
440
1
_a
Moderna
697
_a
GERAL
942
_c
BK
999
_c
164605
_d
164605